Cómo enseñamos la aritmética: algunos conceptos aritméticos en profesores de primaria

Este libro recoge el análisis de las concepciones que tienen algunos profesores de básica primaria, en relación con los conceptos de la estructura aditiva y multiplicativa, así como las explicaciones conceptuales de los algoritmos.

Sábháilte in:
Sonraí bibleagrafaíochta
Príomhchruthaitheoir: Bonilla Estevéz, Martha
Rannpháirtithe: Sánchez Heredia, Neila, Vidal Arizabaleta, Martha
Formáid: LEABHAR
Teanga:Spanish
Foilsithe / Cruthaithe: Bogotá: IDEP, 1999
Eagrán:1
Ábhair:
Rochtain ar líne:Enlace del recurso
Clibeanna: Cuir clib leis
Níl clibeanna ann, Bí ar an gcéad duine le clib a chur leis an taifead seo!

MARC

LEADER 00000nam a2200000 a 4500
001 000479
003 OSt
005 20181011143541.0
008 021105s1999 ck aa fr## o000|0#spa#d
999 |c 2632  |d 2632 
020 |a 958-9160-61-1 
040 |c CNA-IDEP 
041 0 |a spa 
043 |a s-ck--- 
082 0 4 |a 372.72  |b B533c 
100 1 |a Bonilla Estevéz, Martha  |9 1500 
245 1 0 |a Cómo enseñamos la aritmética:  |b algunos conceptos aritméticos en profesores de primaria   |c Martha Bonilla Estevéz, Neila Sánchez Heredia, Martha Vidal Arizabaleta 
250 |a 1 
260 |a Bogotá:  |b IDEP,  |c 1999 
300 |a 133 p.:  |b il., tabl. 
504 |a Incluye bibliografía. 
520 3 |a Este libro recoge el análisis de las concepciones que tienen algunos profesores de básica primaria, en relación con los conceptos de la estructura aditiva y multiplicativa, así como las explicaciones conceptuales de los algoritmos. 
650 1 4 |a EDUCACIÓN PRIMARIA  |9 1037 
650 1 4 |a ENSEÑANZA DE LAS MATEMÁTICAS  |z COLOMBIA  |9 5270 
700 1 |a Sánchez Heredia, Neila  |9 5271 
700 1 |a Vidal Arizabaleta, Martha  |9 5272 
942 |2 ddc  |c BK 
856 |u https://catalogo.idep.edu.co/cgi-bin/koha/opac-detail.pl?biblionumber=2632  |z Enlace del recurso